[Event "Vlissingen HZ op 26th"]
[Site "Vlissingen"]
[Date "2024.08.04"]
[Round "3"]
[White "Hirzel, Cedric"]
[Black "Hummel, Dick"]
[Result "1-0"]
[WhiteElo "2116"]
[BlackElo "1945"]
[PlyCount "85"]
[EventDate "2024.08.03"]
[EventType "swiss"]
[EventRounds "9"]
[EventCountry "NED"]
[SourceTitle "CBM 221 Extra"]
[Source "ChessBase"]
[SourceDate "2024.09.30"]
[SourceVersion "1"]
[SourceVersionDate "2024.09.30"]
[SourceQuality "1"]

1. d4 d6 2. e4 Nf6 3. Nc3 g6 4. Nf3 Bg4 5. Bc4 Nc6 6. Be3 Bg7 7. h3 Bxf3 8. Qxf3 0-0 9. 0-0-0 Na5 10. Be2 Nd7 11. h4 c5 12. h5 cxd4 13. Bxd4 Bxd4 14. Rxd4 Nc6 15. Rd2 Rc8 16. hxg6 fxg6 17. Qh3 Nf6 18. Nd5 h5 19. Nf4 Qa5 20. Qb3+ Kh7 21. Ne6 Nxe4 22. Rd5 Qb4 23. Qd3 Rf6 24. Qxe4 Qxe4 25. Ng5+ Kg7 26. Nxe4 Rf4 27. f3 Nb4 28. Rd2 Nxa2+ 29. Kb1 Nb4 30. Re1 Rf5 31. Bd3 Re5 32. Ree2 Nd5 33. Nf2 Ne3 34. f4 Re6 35. Nd1 Nf1 36. Rxe6 Nxd2+ 37. Ka2 Rc5 38. b3 Kf7 39. Re3 d5 40. Kb2 a5 41. Re5 b5 42. Nc3 e6 43. Nxb5 1-0

[Event "Vlissingen HZ op 17th"]
[Site "Vlissingen"]
[Date "2013.08.03"]
[Round "1"]
[White "Lalith, Babu MR"]
[Black "Hummel, Dick"]
[Result "1-0"]
[WhiteElo "2576"]
[BlackElo "1898"]
[PlyCount "61"]
[EventDate "2013.08.03"]
[EventType "swiss"]
[EventRounds "9"]
[EventCountry "NED"]
[SourceTitle "CBM 155 Extra"]
[Source "ChessBase"]
[SourceDate "2013.08.26"]
[SourceVersion "1"]
[SourceVersionDate "2013.08.26"]
[SourceQuality "1"]

1. d4 Nf6 2. c4 g6 3. Nc3 d5 4. Nf3 Bg7 5. Qb3 c6 6. Bg5 dxc4 7. Qxc4 0-0 8. e4 Nbd7 9. Be2 Qa5 10. b4 Qd8 11. 0-0 Nb6 12. Qb3 Be6 13. Qc2 Ne8 14. a4 f6 15. Bf4 Nd6 16. Rfd1 Rc8 17. a5 Nd7 18. Na4 Qe8 19. Nc5 Nxc5 20. bxc5 Nb5 21. Bxb5 cxb5 22. d5 Bg4 23. a6 Qd7 24. axb7 Qxb7 25. c6 Qa8 26. Qb3 Kh8 27. Qxb5 e5 28. Be3 Rf7 29. Ra6 f5 30. d6 fxe4 31. Ng5 1-0